000 01412cam a22003258i 4500
001 21642764
003 NUST
005 20230215134542.0
008 200731s2021 nju b 001 0 eng
010 _a 2020034668
020 _a9789811227219
_q(hardcover)
020 _z9789811227226
_q(ebook)
020 _z9789811227233
_q(ebook other)
040 _aDLC
_beng
_erda
_cDLC
082 0 0 _a006.3843,SAG
100 1 _aSagawa, Hiroyuki,
_eauthor.
_9109054
245 1 0 _aFundamentals of quantum information /
_cHiroyuki Sagawa, Nobuaki Yoshida,
250 _aExtended edition.
263 _a2010
264 1 _aNew Jersey :
_bWorld Scientific,
_c[2021]
300 _apages cm
336 _atext
_btxt
_2rdacontent
337 _aunmediated
_bn
_2rdamedia
338 _avolume
_bnc
_2rdacarrier
505 _aIntroduction (Page-1), Mathematical Realization of Quantum Mechanics (Page-7), Basic Concepts of Quantum Mechanics (Page-19), EPR Pair and Measurement (Page-37), Classical Computers (Page-65), Quantum Gates (Page-89), Theory of Information and Communication (Page-107), Quantum Computation (Page-121), Quantum Cryptography (Page-145), Quantum Search Algorithm (Page-169), Physical Devices of Quantum Computers (Page-181), Quantum Annealing (Page-217),
650 0 _aQuantum theory.
_9177
650 0 _aQuantum computers.
_994623
700 1 _aYoshida, Nobuaki,
_eauthor.
_9109055
942 _2ddc
_cBK
999 _c593273
_d593273